Normal view
MARC view
- Maulana Jalal Ud Din Rumi Hayaat O Afkar
Entry Topical Term
001 - CONTROL NUMBER
- control field: 96868
003 - CONTROL NUMBER IDENTIFIER
- control field: NUST
005 - DATE AND TIME OF LATEST TRANSACTION
- control field: 20220811130714.0
008 - FIXED-LENGTH DATA ELEMENTS
- fixed length control field: 220811|| aca||aabn | a|a d
040 ## - CATALOGING SOURCE
- Original cataloging agency: NUST
- Transcribing agency: NUST
150 ## - HEADING--TOPICAL TERM
- Topical term or geographic name entry element: Maulana Jalal Ud Din Rumi Hayaat O Afkar
670 ## - SOURCE DATA FOUND
- Source citation: Work cat.: (NUST): Chaghatai, M Ikram 96808, Maulana Jalal Ud Din Rumi Hayaat O Afkar, 2018.
